000 00410nam a2200157Ia 4500
003 Ost
005 20260225132541.0
008 260225s9999||||xx |||||||||||||| ||und||
040 _cfsic
041 _afre
082 _a320.951
100 _aAbedelrahim Taleb bendida
_eAuteur
245 0 _aChronologie des Faits et Ociaux et Politiques en Algerie /
245 0 _cAbedelrahim Taleb bendida
942 _cكتاب
999 _c33529
_d33529